00697nam a2200229 a 450000100060000000300090000600800410001501500210005602000150007704000280009204100110012004300160013108200190014710000270016624500660019325000110025926000450027030000200031550000590033565000500039465000230044424234CO-ViMGA141112s2004 ck r 000 u spa d ack - 2004 - xxxx a9584208543 aCO-ViMGAbspacCO-ViMGA aspa -  as - ck - - 04a467.9861 F376d1 aFerro Medina, Germán10aDiccionario de palabras que mueren / cGermán Ferro Medina. a2a ed. aColombia : bPlaneta Colombiana, c2004. a140 p. ; 18 cm. aIncluye : datos biográficos de los autores en solapa14aEspañol - Palabras y frases - Diccionarios 14aPalabras en desuso